| 000 | 00384nam a22001577a 4500 | ||
|---|---|---|---|
| 005 | 20241030044909.0 | ||
| 008 | 241030b |||||||| |||| 00| 0 eng d | ||
| 020 | _a9781937121518 | ||
| 082 |
_222 _a823 |
||
| 100 | _aBurr I, Elissa | ||
| 245 | _aBetween Heaven and Helen | ||
| 260 |
_bRocket Science Productions _c1942 |
||
| 300 | _a243 p ., | ||
| 650 | _aShort Stories | ||
| 942 | _cL | ||
| 999 |
_c5930 _d5930 |
||